Music Quiz

Random Music Quiz

Bands and Members Quiz Stats

 Plays Quiz not verified by Sporcle

Challenge
Share
Tweet
Embed
Score 0/20 Timer 10:00
0 Plays Today
Hint Answer % Correct
Band MemberGene Simmons
81.3%
Band MemberPeter Criss
81.3%
Band MemberAngus Young
75%
Band MemberAce Frehley
68.8%
Band MemberPaul Stanley
65.6%
SoloJune Carter
37.5%
BandBreaking Benjamin
34.4%
BandBowling for Soup
34.4%
Band MemberMalcom Young
31.3%
SoloJonny Cash
31.3%
Hint Answer % Correct
BandAll American Rejects
28.1%
RapperEminen
15.6%
BandSkillet
15.6%
Band MemberJoel Madden
12.5%
Band MemberBenji Madden
12.5%
Band MemberEric Carr
12.5%
Band MemberMatt Shadows
6.3%
Band MemberDean Butterworth
0%
Band MemberBilly Martin
0%
Band MemberPaul Thomas
0%

You're not logged in!

Compare scores with friends on all Sporcle quizzes.
OR
Log In

You Might Also Like...

Show Comments

Extras

Created Mar 11, 2014ReportNominate
Tags:Band Members

Top Quizzes Today


Score Distribution

Your Account Isn't Verified!

In order to create a playlist on Sporcle, you need to verify the email address you used during registration. Go to your Sporcle Settings to finish the process.

Report this User

Report this user for behavior that violates our Community Guidelines.

Details: